| 000 | 00416nam a2200181Ia 4500 | ||
|---|---|---|---|
| 001 | 23973 | ||
| 005 | 20260414151012.0 | ||
| 008 | 260414t2011||||xx |||||||||||||| ||spa|| | ||
| 041 | _aESP | ||
| 082 |
_a728 _bZ12 |
||
| 100 |
_aZabalbeascoa, Anatxu _eAUT |
||
| 245 | 0 |
_aTodo sobre la casa _b |
|
| 260 | _c2011 | ||
| 300 |
_a213 páginas : _c23 cm. |
||
| 650 | _aABD | ||
| 654 | _aCAU | ||
| 942 |
_cLIB _dJUS _fJUS _2ddc _n |
||
| 999 |
_c23973 _d23973 |
||